Literary Characters - D's - Statistics

General Stats
  • This quiz has been taken 49 times
  • The average score is 9 of 20
Answer Stats
Hint Answer % Correct
Immortal vampire who stalks the English countryside, feeding on blood and manipulating those around him with charm and terror Dracula
92%
House-elf who risks everything to protect a young wizard and eventually gains his freedom Dobby
87%
Handsome young man whose portrait ages and reflects the corruption of his decadent lifestyle Dorian Gray
87%
Slytherin student whose rivalry with Harry is fueled by family loyalty and the dark politics of wizarding society Draco Malfoy
87%
Aging man obsessed with chivalric ideals who attacks windmills and pursues imagined quests across the countryside Don Quixote
79%
Wealthy gentleman whose pride almost prevents him from expressing love to Elizabeth Bennet Mr. Darcy
72%
Wealthy socialite whose marriage and flirtations spark Gatsby’s obsession and ultimately contribute to tragedy in her circle Daisy Buchanan
67%
Faithful wife whose love for Othello leads to her murder after Iago convinces him she has been unfaithful Desdemona
64%
Bureaucrat whose cruelty and obsession with rules terrorize students and staff at Hogwarts Dolores Umbridge
54%
Ambitious Gascon who travels to Paris to join the Musketeers, proving his courage and loyalty with sword and honor D'Artagnan
51%
Exiled princess who hatches three dragons and builds an army to reclaim her family’s throne across deserts and cities Daenerys Targaryen
46%
Orphaned boy who faces cruelty and betrayal but grows into a resilient and successful writer David Copperfield
46%
Boy whose greed awakens a sorceress in a dying world before he sees a lion sing a new land into being Digory Kirke
21%
Idealistic young woman whose first impulsive marriage traps her in a controlling household, but who later seeks purpose and love on her own terms Dorothea Brooke
10%
Railroad executive fighting to keep her trains running as society collapses around her Dagny Taggart
8%
Gentle, nature-loving boy whose knowledge of animals and gardens brings life back to a neglected estate and its inhabitants Dickon Sowerby
8%
Wingleader who manipulates and betrays those under his command in the deadly trials of Basgiath War College Dain Aetos
5%
Korean-American poet who spends one fateful day in New York City trying to convince a stranger that fate brought them together Daniel Bae
5%
Alpha wolf-shifter in the city of Lunathion whose death reveals hidden plots and dangerous secrets only she knew, forcing her best friend Bryce to hunt down the killers Danika Fendyr
5%
Gang member on the run who finds protection with Starr’s family while deciding whether to testify against his old crew Devante
5%
No matching quizzes found
Score Distribution
Percent of People with Each Score
Percentile by Number Answered
Your Score History
You have not taken this quiz